000 00507nam a22001697a 4500
005 20251108171930.0
008 250721s1986 xx 000 0 ara d
082 1 4 _a157.7/علي
100 1 _aكمال، علي
245 1 0 _aفصام العقل أو الشيزوفرينيا /
264 1 _aبيروت :
_bالمؤسسة العربية للدراسات و النشر،
_c1986.
300 _a386ص
650 1 7 _aالفصام
650 1 7 _aالمرض العقلي
942 _2ddc
_cBK
999 _c66256
_d66256